Man of the House: The Life and Political Memoirs of Speaker Tip O'Neill / (Record no. 617352)

000 -LEADER
fixed length control field 00443nam a22001337a 4500
020 ## - INTERNATIONAL STANDARD BOOK NUMBER
Qualifying information HB.
040 ## - CATALOGING SOURCE
Transcribing agency FIZZA ISHAQ
082 ## - DEWEY DECIMAL CLASSIFICATION NUMBER
Classification number 791.4372
Author Mark NOV
100 ## - MAIN ENTRY--PERSONAL NAME
Personal name William Novak, Thomas P. O'Neill.
9 (RLIN) 134374
245 ## - TITLE STATEMENT
Title Man of the House: The Life and Political Memoirs of Speaker Tip O'Neill /
Statement of responsibility, etc. Thomas P. O'Neill , William Novak.
260 ## - PUBLICATION, DISTRIBUTION, ETC.
Place of publication, distribution, etc. New York :
Name of publisher, distributor, etc. Random House,
Date of publication, distribution, etc. 1987.
300 ## - PHYSICAL DESCRIPTION
Extent 387 P. ;
Dimensions 9.57 x 6.3 x 1.5 inches
942 ## - ADDED ENTRY ELEMENTS (KOHA)
Source of classification or shelving scheme
Koha item type Book
Holdings
Withdrawn status Lost status Source of classification or shelving scheme Damaged status Not for loan Permanent Location Current Location Shelving location Date acquired Total Checkouts Full call number Barcode Date last seen Price effective from Koha item type
          NUST Baluchistan Campus (NBC) NUST Baluchistan Campus (NBC) General Stacks 05/07/2026   791.4372 NOV QD-647 05/07/2026 05/07/2026 Book
© 2023 Central Library, National University of Sciences and Technology. All Rights Reserved.